Women & beauty
| Main Author: | |
|---|---|
| Format: | Book |
| Published: |
London :
Arrow Books ,
1986
|
| Subjects: |
MARC
| LEADER | 00000cam a2200000 7i4500 | ||
|---|---|---|---|
| 001 | 0000005901 | ||
| 002 | 000006375 | ||
| 005 | 20000330.0 | ||
| 020 | |a 0099466406 | ||
| 090 | 0 | 0 | |a 646.7 |b LOR |
| 100 | 1 | |a Loren, Sophia | |
| 245 | 1 | 0 | |a Women & beauty |c Sopia Loren |
| 260 | |a London : |b Arrow Books , |c 1986 | ||
| 300 | |a 217p. ; |c 22cm. | ||
| 650 | 0 | 0 | |a Women |x Health and hygiene |
| 999 | |a 033990 |b BUKU |c PINJAMAN |e PERPUSTAKAAN KOMUNITI PETALING JAYA | ||
| 999 | |a 033991 |b BUKU |c PINJAMAN |e PERPUSTAKAAN KOMUNITI PETALING JAYA | ||